Регионална библиотека "Любен Каравелов" - Русе

Съчинения (Запис номер 95190)

MARC детайли
000 -Лидер
Контролно поле с фиксирана дължина 01556nam a2200337 c 4500
003 - Код на организацията, давaща контролен номер
Контролно поле BLK
005 - Дата и час на последна редакция
Контролно поле 20180422104953.0
008 - Елементи от данни с фиксирана дължина
fixed length control field 180409b bul|||||r ||||||| ||bul||
010 ## - Наследен системен номер
LC control number KNG00100041000
020 ## - Международен стандартен номер на книга ISBN
Международен стандартен номер на книга ISBN 954-430-676-5
-- издат.: Акад. изд. Проф. Марин Дринов - на том(т. 1)
040 ## - Източник на каталожния запис
Идентификатор на билиотеката - собственик на записа BLK
041 ## - Код за език
Код за езика на текст/звукозапис или на отделно заглавие Български
Код за езика КДБФ Български
Други езици Чешки
080 ## - УДК
Текстов определител УДК Българска литература
УДК код - определител по УДК 821.163.2
УДК определител (081.1)
УДК - код + определител 821.163.2(081.1)
080 ## - УДК
Текстов определител УДК Българска литература
УДК код - определител по УДК 821.163.2
УДК определител -8
УДК - код + определител 821.163.2-8
100 1# - Редна дума - Автор
Автор Стоянов, Васил Димитров
Авторска отговорност първи автор
R(LIN) 366613
139 ## - Редно поле
Редна дума Стоянов, Васил Димитров
Авторски знак Стоя - С 83
245 10 - Сведения за заглавието
Заглавие Съчинения
Подзаглавни данни Т. 1 -
Редно поле (дума) Васил Димитров Стоянов; състав. Дочо Леков; състав. Венцеслава Бехиньова.
Том Т. 1
257 ## - Страна на издаване
Страна на създаване/издаване България
260 ## - Област на издателските данни
-- София
Година на издаване 2001 -
300 ## - Физическа характеристика
Размери/Мащаб 24 см
380 ## - Жанр
Жанр Худож. лит.
500 ## - Общи забележки
Забележка Изд. на БАН. Инст. за лит. - Офс. изд. - Парал. текст на чеш. ез.
700 1# - Други автори (авторска отговорност)
Лично име Леков, Дочо
Автороска отговорност (Описва отношението между автора и произведението) състав.
9 (RLIN) 365488
700 1# - Други автори (авторска отговорност)
Лично име Бехиньова, Венцеслава
Автороска отговорност (Описва отношението между автора и произведението) състав.
9 (RLIN) 38819
760 1# - Описание на основната серия
-- - на том(т. 1)
Редна дума на основното описание Стоянов, Васил Димитров
Място на издаване, издател и година Акад. изд. Проф. Марин Дринов, 2001
Страници - том 272 с., 4 л. : ил., к.
Заглавие Т. 1
852 ## - Местоположение
Форматна сигнатура Цб 210279
856 4# - Електронен адрес и достъп
Електронен формат pdf - файл
Път до файла /url/
856 4# - Електронен адрес и достъп
Електронен формат pdf - файл
Път до файла /url/
942 ## - АРТИКУЛИ
Вид на библиотечния материал Книги
Скрит в OPAC Не
944 ## - СЪЗДАВАНЕ И РЕДАКЦИЯ на ЗАПИСА
Създаване/Редакция Създаване
Дата на регистрацията/редакция 01.01.2001
Служител, извършил регистрацията/редакцията Людмила_Стоянова
944 ## - СЪЗДАВАНЕ И РЕДАКЦИЯ на ЗАПИСА
Създаване/Редакция Редакция
Дата на регистрацията/редакция 27.01.2005
Служител, извършил регистрацията/редакцията
999 ## - СИСТЕМНИ КОНТРОЛНИ НОМЕРА
Koha biblionumber 95190
Koha biblioitemnumber 95190
Наличности
Код за отписване Код за изгубен артикул Източник на класификационната схема Код за повреда Коз за рестрикции Код за отдаване Артикулен № Име на библиотеката - собственик Име на библиотеката, в която се намира в момента Статус (Текущо местоположение) Дата на вписване в системата Местоположение - отдел Цена в лева Инвентарен номер Систематично азбучна сигнатура Баркод Номер на екземпляра Цена в евро Служебна бележка Служебен тип на артикула
  Не е изгубен Universal Decimal Classification Не е повреден без рестрикции ползва се в читалня 152860 Регионална библиотека "Любен Каравелов" Русе Регионална библиотека "Любен Каравелов" Русе Хранилище 2001-11-16 Хранилище 0.00 667995 Цб 210279 120000667995 1 0.00 Дост: Dp Вид: Д N: 39 Дата: 25.09.2001 Книги
Vip Innovations Ltd, Rousse, Bulgaria 2025